000 00328nam a2200145Ia 4500
008 230312s9999||||xx |||||||||||||| ||und||
082 _a337
_bASL-G
100 _aM. Aslam Chaudhary
245 0 _aGlobalization
260 _bFerozsons Pvt Ltd
_aPakistan
300 _a233
546 _aEng.
650 _aEconomics
942 _cBK
999 _c6023
_d6023